00599 2200217 4500001002100000005001700021008004100038020002200079035002500101040001200126082001500138084001900153100001700172245006600189250001100255260003400266300003200300650001900332850001200351990001800363INLIS00000000001279620150915094724.0  a978-602-191-241-6 a0010-091500000001309 aYOPDYOG 223a028.55 aK 028.55 Azi S aAZIZAH Hefni aSubhanallah : Dzikir malaikat sepanjang zamanc/ Azizah hefni aCet. 1 aYogyakartabDiva Pressc[s.a] a23 hlm.b: Illus.c; 21 cm. aDoa dan dzikir aYOPDYOG a50776-PD/A.15